000 00516nam a22001697a 4500
003 OSt
005 20211203155258.0
008 211203b |||||||| |||| 00| 0 eng d
020 _a0-387-98533-6
040 _cHAWASSA UNIVERSITY
050 _a631.58/FED
_b5
082 _a631.58/FED
_b5
100 _aFEDERER T. WALTER
_qFEDERER T. WALTER
_914611
245 _aSTATICAL DESIGN AND ANALYSIS FOR INTERCROPPING EXPERIMENTS VOLUME II:THREE OR MORE CROPS
260 _aNEW YORK
_bSPRINGER
_c1999
942 _2ddc
_cBOOKS
_n0
999 _c21379
_d21379